000 01502cam a2200169 4500500
005 20260322001508.0
041 _afre
042 _adc
100 1 0 _aAbdel Halim, Lara
_eauthor
700 1 0 _aChamaret, Cécile
_eauthor
245 0 0 _a¿Ángel o demonio?
260 _c2026.
500 _a48
520 _aEsta investigación explora las representaciones sociales de la inteligencia artificial (IA) en los servicios en Francia, utilizando la teoría del núcleo central y el concepto de implicación personal. Se entrevistó a ciento cincuenta profesionales utilizando el método de asociación libre. Los resultados revelan percepciones contrastadas según el grado de implicación en la IA y valencias actitudinales a veces opuestas. Los más comprometidos recurren a una racionalidad instrumental, centrada en las funcionalidades de la IA y proyectándola hacia un futuro estratégico. Los menos implicados expresan una racionalidad social, marcada por elementos normativos y una temporalidad reactiva centrada en ganancias de eficacia inmediatas. Esta divergencia redefine el reto gerencial, que ya no consiste en integrar mejor la IA superando la resistencia, sino en arbitrar las racionalidades para decidir de manera soberana y colectiva sobre la pertinencia de la herramienta.
786 0 _nRevue française de gestion | 326 | 1 | 2026-02-18 | p. 139-164 | 0338-4551
856 4 1 _uhttps://shs.cairn.info/revista-revue-francaise-de-gestion-2026-1-page-139?lang=es&redirect-ssocas=7080
999 _c1715271
_d1715271